| 000 | 00000nam##2200000za#4500 |
| 001 | 9.662019 |
| 003 | CaOODSP |
| 005 | 20210615120334 |
| 007 | ta |
| 008 | 150407|2000||||xxc||||| f|0| 0 eng|d |
| 020 | |a0-662-65103-0 |
| 040 | |aCaOODSP|beng |
| 041 | |aeng |
| 041 | |afre |
| 043 | |an-cn--- |
| 086 | 1 |aSW21-57/2000 |
| 110 | 1 |aCanada. |bStatus of Women Canada. |
| 245 | 10|aCanadian women taking action to make a difference! : |bInternational Women's Day--March 8, 2000 |
| 260 | |aOttawa - Ontario : |bStatus of Women Canada |c2000. |
| 300 | |aEnglish text, 19p. ; |c28 cm. |
| 546 | |aBilingual |
| 563 | |aSoftcover |
| 590 | |a00-29|b2000-07-21 |
| 690 | 07|aStatus of women|2gcpds |
| 690 | 07|aSocial movement|2gcpds |
| 690 | 07|aWomen|2gcpds |
| 776 | 0#|tLes Canadiennes initiatrices de changements! : |w(CaOODSP)9.642027 |
| 776 | 0#|tCanadian women taking action to make a difference! : |w(CaOODSP)9.698030 |
| 792 | |tLes canadiennes initiatrices de changements! : |efre|w(CaOODSP)9.662020 |